000 005410000a22001810004500
003 MACL
005 20160611131937.0
008 160611b xxu||||| |||| 00| 0 eng d
040 _aMACL
_cMACL
041 _aHindi
082 _a800
100 _aशुक्‍ल, श्रीलाल
_943797
245 _aअंगद का पॉव
_cश्रीलाल शुक्‍ल
260 _bराजकमल प्रकाशन
_c2000
_aपटना
350 _a95
650 _aLiteracture
_964262
942 _cHIN
_k800
_2ddc
999 _c30322
_d30322